Encyclopedia of wireless telecommunications

Đã lưu trong:
书目详细资料
主要作者: Francis Botto
格式: 图书
语言:Undetermined
出版: New York McGraw-Hill 2002
主题:
标签: 添加标签
没有标签, 成为第一个标记此记录!
Thư viện lưu trữ: Trung tâm Học liệu Trường Đại học Cần Thơ
LEADER 00526nam a2200193Ia 4500
001 CTU_54793
008 210402s9999 xx 000 0 und d
020 |b 803000 
082 |a 621.382'03 
082 |b B751 
100 |a Francis Botto 
245 0 |a Encyclopedia of wireless telecommunications 
245 0 |c Francis Botto 
260 |a New York 
260 |b McGraw-Hill 
260 |c 2002 
650 |a wireless communication systems 
650 |x encyclopedias 
980 |a Trung tâm Học liệu Trường Đại học Cần Thơ